Organigrama : data vigència: 1.9.92; data aprovació Plé: 23.7.92 / Diputació de Barcelona data vigència:
Descripción Física:
[70] p. ; 30 cm
MARC
| LEADER | 00000nam a2200000Ia 4500 | ||
|---|---|---|---|
| 001 | 11079 | ||
| 008 | 160829s1992] xx 000 0 cat d | ||
| 080 | |a M-5-24 | ||
| 110 | 1 | |a Barcelona (Catalunya : Província). |b Diputació |9 52408 | |
| 245 | |a Organigrama : |b data vigència: |b 1.9.92; data aprovació Plé: |b 23.7.92 / Diputació de Barcelona | ||
| 260 | |a [Barcelona : |b Diputació de Barcelona, |c 1992] | ||
| 300 | |a [70] p. ; |c 30 cm | ||
| 650 | |a Barcelona. Diputació |x Organigrama |x 1992 |9 37899 | ||
| 901 | |a Arxiu | ||
| 942 | |n 1 | ||
| 952 | |0 0 |1 0 |4 0 |6 M524 |7 1 |9 48143 |a Arxiu |b Arxiu |d 2016-12-01 |l 0 |o M-5-24 |p 11079 |r 2016-12-01 00:00:00 |w 2016-12-01 |y ARXIU | ||
| 999 | |c 51946 |d 51946 | ||